00516nam a22001697a 450000500170000001000150001702000230003203500140005503700090006908200130007810000160009124500490010725000060015626000320016227001310019430000210032520240708151100.0 aENG-140824 c495.00a9357942173 aEN-124356 bDBAD a230.121 aGupta, k.c. aHinduism & Hindu Way of Life/cby K.C. Gupta a1 aNew Delhi bV&S Publication bNew Delhi aV&S Publication F-2/16, Ansari Road, Daryaganj, New Delhie110002minfo@vspublishers.com, www.vspublishers.com a192p.c24cm (pb)